000 00712nam a2200229Ia 4500
003 OSt
005 20260108122152.0
008 220923b |||||||| |||| 00| 0 eng d
020 _a9780393062632
037 _cGeneral Book
040 _aRTL
_cRTL
_beng
041 _2eng
_aeng
084 _aY:3(SM95).2.P, P7
_qRTL
245 0 _aOther side of psychoanalysis
260 _aNew York
_bNorthan & Co.
_c2007
300 _a224 p.
_bIncludes bibliographical references and index.
650 _aSociology
_9863090
700 _aMiller Jacques-Alain
_eEditor
_9863091
700 _aGrigg Russell
_eTranslator
_9863092
942 _hY:3(SM95).2.P, P7
_cGB
_2CC
_n0
999 _c630492
_d630492